[Event "Let's Play Chess!"]
[Site "http://www.queenalice.com/game.php?id=452712"]
[Date "2008.8.25"]
[Round "-"]
[White "Wilson"]
[Black "Elgringo"]
[Result "0-1"]
[WhiteElo "1482"]
[BlackElo "1526"]

1. Nf3 d5 2. d4 Bf5 3. Nc3 Nf6 4. e3 g6 5. h3 c6 6. a3 e6 7. Be2 Ne4 8. O-O g5
9. Ne5 h5 10. Qe1 g4 11. hxg4 hxg4 12. f3 gxf3 13. Rxf3 Nd7 14. Nxf7 Kxf7 15.
Bd3 Qf6 16. Nxe4 dxe4 17. Bxe4 Qh6 18. Rh3 Bxh3 19. Qf2+ Bf5 20. Kf1 Qh1+ 21.
Ke2 Nf6 22. Bf3 Bxc2 23. Kd2 Bf5 24. e4 c5 25. exf5 Rd8 26. fxe6+ Ke8 27. Bxb7
Ke7 28. Kc2 Bg7 29. d5 Rd6 30. Kb1 Bh6 31. Kc2 c4 32. Qxa7 Qxg2+ 33. Kc3 Nxd5+
34. Bxd5+ Kf6 35. Bxg2 Rxe6 36. Kxc4 Rc8+ 37. Kd3 Bxc1 38. Qd7 Rc5 39. Bh3 Re3+
40. Kd4 Rh5 41. Bg4 Rhe5 42. Qc6+ Kg5 43. Bf3 Bxb2+ 44. Kc4 Bxa1 45. Bg2 Rc3+
46. Kb4 Rxc6 47. Bxc6 Kf4 48. Kc4 Ke3 49. a4 Bd4 50. Kb4 Bb6 51. Bb5 Kd4 52. a5
Bc5+ 53. Ka4 Re3 54. Bd7 Kd5 55. Kb5 Kd6 56. Bc6 Kc7 57. Kxc5 Rc3+ 58. Kd5 Rxc6
59. Ke5 Ra6 60. Kd5 Rxa5+ 61. Ke4 Kd6 62. Kd4 Ra4+ 63. Ke3 Ke5 64. Kd3 Kf4 65.
Kc3 Ke3 66. Kb3 Rh4 67. Kc3 Ke2 68. Kb3 Kd2 69. Ka3 Kc2 0-1

[Event "Let's Play Chess!"]
[Site "http://www.queenalice.com/game.php?id=455354"]
[Date "2008.8.29"]
[Round "-"]
[White "Elgringo"]
[Black "peaceman"]
[Result "1-0"]
[WhiteElo "1557"]
[BlackElo "1307"]

1. e4 e5 2. Bc4 Nf6 3. d3 a6 4. c3 b5 5. Bb3 Nc6 6. Nf3 a5 7. Bg5 a4 8. Bxf7+
Kxf7 9. Na3 h6 10. Be3 g5 11. Nxb5 g4 12. Nh4 d6 13. d4 Nxe4 14. Qxg4 d5 15.
Qg6+ Ke7 16. O-O Kd7 17. Nf3 Be7 18. dxe5 Qe8 19. Qf5+ Kd8 20. e6 Rf8 21. Qxd5+
Bd7 22. Ne5 Bf6 23. Nxc6+ Kc8 24. exd7+ Qxd7 25. Nba7+ Kb7 26. Qb5# 1-0

[Event "Let's Play Chess!"]
[Site "http://www.queenalice.com/game.php?id=455356"]
[Date "2008.8.29"]
[Round "-"]
[White "arnelsr"]
[Black "Elgringo"]
[Result "1-0"]
[WhiteElo "1498"]
[BlackElo "1634"]

1. e4 e5 2. Nf3 Qf6 3. Bc4 Qf4 4. Nc3 Nf6 5. d4 Qg4 6. O-O Bd6 7. dxe5 Bxe5 8.
Nxe5 Qh4 9. Bxf7+ Ke7 10. Nd5+ Nxd5 11. Qxd5 Nc6 12. Nxc6+ bxc6 13. Bg5+ Qxg5
14. Qxg5+ Kxf7 15. f4 h6 16. Qg3 Re8 17. Rae1 Rb8 18. f5 Ba6 19. Qg6+ Ke7 20.
f6+ Kd6 21. f7+ Ke7 22. fxe8=Q+ 1-0

[Event "Let's Play Chess!"]
[Site "http://www.queenalice.com/game.php?id=456754"]
[Date "2008.9.1"]
[Round "-"]
[White "Alexandre_lima"]
[Black "Elgringo"]
[Result "0-1"]
[WhiteElo "1179"]
[BlackElo "1551"]

1. Nc3 e5 2. d4 Qh4 3. dxe5 Bc5 4. Nf3 Qxf2+ 5. Kd2 d5 6. Nxd5 Bf5 7. Nxc7+ Kf8
8. Nxa8 Bb4+ 9. c3 Bc5 10. b4 Be3# 0-1

[Event "Challenge"]
[Site "http://www.queenalice.com/game.php?id=458371"]
[Date "2008.9.4"]
[Round "-"]
[White "solo"]
[Black "Elgringo"]
[Result "1-0"]
[WhiteElo "1622"]
[BlackElo "1553"]

1. e4 e5 2. Qh5 Bc5 3. Qxe5+ Kf8 4. Qxc5+ d6 5. Qc3 Nf6 6. d3 Be6 7. Bg5 Nbd7 8.
Bxf6 Nxf6 9. f3 c6 10. Qb4 Kg8 11. b3 d5 12. Qxb7 c5 13. exd5 Nxd5 14. Qb5 Nb4
15. Na3 Qe7 16. Be2 g6 17. c3 Nd5 18. Qc6 Rc8 19. Qb5 Ne3 20. Kf2 Qg5 21. g3 h5
22. h4 Qf6 23. Kxe3 Qxc3 24. Rd1 Qd4+ 25. Kd2 Kg7 26. Qa4 Qb2+ 27. Ke1 Qxa2 28.
Nc4 Qc2 29. Qa1+ Kh7 30. Qb2 Qxb2 31. Nxb2 Bxb3 32. Rc1 Rhe8 33. Rc3 Bd5 34. Na4
c4 35. Kd2 Red8 36. Nb2 Be6 37. Ke1 cxd3 38. Rxc8 Rxc8 39. Bxd3 a5 40. Ne2 Rb8
41. Nc4 a4 42. Kd2 Rd8 43. Kc3 Bd5 44. Nd4 Rc8 45. Kb4 Rc7 46. Ra1 Rb7+ 47. Kc5
Rb3 48. Nxb3 1-0

[Event "Challenge"]
[Site "http://www.queenalice.com/game.php?id=458587"]
[Date "2008.9.5"]
[Round "-"]
[White "Gojira"]
[Black "Elgringo"]
[Result "1-0"]
[WhiteElo "2142"]
[BlackElo "1557"]

1. c4 d5 2. cxd5 Nf6 3. Nc3 e5 4. dxe6 Bxe6 5. Nf3 Bd6 6. e4 Nc6 7. Bb5 Qe7 8.
O-O O-O 9. Bxc6 bxc6 10. e5 Bc4 11. exd6 cxd6 12. Re1 Qc7 13. d4 d5 14. Ne5 Rfe8
15. Bg5 Nd7 16. Bf4 Re6 17. Ng6 Qd8 18. Rxe6 fxe6 19. Ne5 Qb6 20. Nxd7 Qxb2 21.
Na4 Qb7 22. Nac5 Qc8 23. Qg4 1-0

[Event "Let's Play Chess!"]
[Site "http://www.queenalice.com/game.php?id=458881"]
[Date "2008.9.6"]
[Round "-"]
[White "Elgringo"]
[Black "Abstro"]
[Result "1-0"]
[WhiteElo "1603"]
[BlackElo "1385"]

1. d4 d5 2. Bf4 Nf6 3. Nc3 e6 4. Nh3 Nc6 5. Nb5 Bd6 6. Qd2 a6 7. Nc3 O-O 8. f3
e5 9. Bh6 exd4 10. Qg5 g6 11. Nxd5 Nxd5 12. Qxd5 Qh4+ 13. Nf2 Qxh6 14. g3 Bb4+
15. c3 dxc3 16. Ne4 cxb2+ 17. Kf2 bxa1=Q 18. h4 Qhg7 19. Bg2 Qad4+ 20. Qxd4 1-0

[Event "Let's Play Chess!"]
[Site "http://www.queenalice.com/game.php?id=458882"]
[Date "2008.9.6"]
[Round "-"]
[White "Elgringo"]
[Black "Abstro"]
[Result "0-1"]
[WhiteElo "1608"]
[BlackElo "1402"]

1. Nf3 d5 2. e3 Bg4 3. d4 e6 4. Nc3 Bb4 5. Be2 Bxf3 6. Bxf3 Bxc3+ 7. bxc3 Nf6 8.
Rb1 b6 9. Qd3 O-O 10. e4 dxe4 11. Bxe4 Nxe4 12. Qxe4 Nd7 13. Rb5 Kh8 14. Rh5 Nf6
15. Qh4 Nxh5 16. Qxh5 f5 17. f4 Qd5 18. O-O c5 19. Ba3 Qxa2 20. Rf3 Qxa3 21. Rh3
Qc1+ 22. Kf2 Qxc2+ 23. Ke1 h6 24. Rg3 Qe4+ 25. Qe2 Qxf4 26. Qc4 a5 27. Qxe6 Rfe8
28. d5 Rxe6+ 29. dxe6 Re8 0-1

[Event "Let's Play Chess!"]
[Site "http://www.queenalice.com/game.php?id=458883"]
[Date "2008.9.6"]
[Round "-"]
[White "Elgringo"]
[Black "Abstro"]
[Result "1-0"]
[WhiteElo "1558"]
[BlackElo "1385"]

1. e4 e5 2. Nf3 d6 3. Bc4 h6 4. d4 exd4 5. Nxd4 Qf6 6. f4 Be6 7. Na3 Ne7 8. f5
Qh4+ 9. g3 Qxe4+ 10. Ne2 Qxh1+ 11. Kd2 Qxd1+ 12. Kxd1 Bxf5 13. Be3 a6 14. Kd2
Nec6 15. Rf1 Bg6 16. Nf4 Ne5 17. Nd5 Kd7 18. b4 f6 19. Bb3 Be4 20. Nc3 1-0

[Event "Let's Play Chess!"]
[Site "http://www.queenalice.com/game.php?id=458884"]
[Date "2008.9.6"]
[Round "-"]
[White "Abstro"]
[Black "Elgringo"]
[Result "1-0"]
[WhiteElo "1468"]
[BlackElo "1553"]

1. d4 Nf6 2. c4 Na6 3. Nc3 c5 4. d5 d6 5. e4 e5 6. h3 Be7 7. a3 Bd7 8. Bd3 O-O
9. Nf3 Ne8 10. O-O f6 11. Nh4 g6 12. Qe1 Ng7 13. Bh6 g5 14. Nf5 Bxf5 15. exf5
Qb6 16. Rb1 Rfe8 17. g4 Rec8 18. f4 gxf4 19. Qh4 Qb3 20. Be4 Qxc4 21. g5 Rf8 22.
Bxg7 Kxg7 23. Qh6+ Kg8 24. g6 Rf7 25. gxf7+ Kxf7 26. Qxh7+ Ke8 27. Qg8+ Kd7 28.
Qxa8 Qd4+ 29. Kh1 Nc7 30. Qxb7 Qe3 31. Rf3 Qd4 32. Rg1 Qd2 33. Rg8 Qe1+ 34. Kg2
Qh4 35. Qc8# 1-0

[Event "Let's Play Chess!"]
[Site "http://www.queenalice.com/game.php?id=462141"]
[Date "2008.9.12"]
[Round "-"]
[White "ASimplePawnOfFate"]
[Black "Elgringo"]
[Result "0-1"]
[WhiteElo "1345"]
[BlackElo "1555"]

1. e4 d6 2. Nf3 e5 3. Bb5+ Nc6 4. Bxc6+ bxc6 5. O-O Ba6 6. d3 Nf6 7. Be3 Ng4 8.
Bg5 f6 9. Bd2 Rb8 10. h3 Nh6 11. b3 g5 12. Nxg5 fxg5 13. Qh5+ Nf7 14. Nc3 Bh6
15. a4 Rg8 16. Rab1 Kf8 17. b4 g4 18. Bxh6+ Ke8 19. b5 Bc8 20. bxc6 Ra8 21. hxg4
Bxg4 22. f3 Bxh5 23. Nd5 Nxh6 24. Rb7 Rc8 25. Rxa7 Bf7 26. Nb4 Be6 27. a5 Bh3
28. Kf2 Bxg2 0-1

[Event "Challenge"]
[Site "http://www.queenalice.com/game.php?id=467634"]
[Date "2008.9.24"]
[Round "-"]
[White "Elgringo"]
[Black "Gojira"]
[Result "0-1"]
[WhiteElo "1518"]
[BlackElo "2155"]

1. e4 e5 2. Nf3 Nf6 3. d4 Nxe4 4. Nxe5 d5 5. Bf4 Bd6 6. Nc3 Nxc3 7. bxc3 O-O 8.
Bd3 f6 9. Bg3 fxe5 10. dxe5 Bc5 11. O-O Nc6 12. Rb1 Qe7 13. Bb5 Qf7 14. Qd2 Be6
15. Rbe1 Rad8 16. Bd3 d4 17. Re4 Qe8 18. Kh1 Bf5 19. Bc4+ Kh8 20. Re2 dxc3 21.
Qxc3 Nd4 22. Qa5 Bb6 23. Qc3 Nxe2 24. Bxe2 Qa4 25. Bd1 Qd4 26. Qe1 Ba5 27. Qxa5
Qxd1 28. Qe1 Qxe1 29. Rxe1 Bxc2 30. h3 Rd1 31. f4 c5 32. Kh2 Rxe1 33. Bxe1 Rxf4
0-1

[Event "Challenge"]
[Site "http://www.queenalice.com/game.php?id=471058"]
[Date "2008.10.1"]
[Round "-"]
[White "Gojira"]
[Black "Elgringo"]
[Result "1-0"]
[WhiteElo "2156"]
[BlackElo "1555"]

1. d4 Nf6 2. c4 d5 3. Nc3 Na6 4. Nf3 Bg4 5. e3 e6 6. cxd5 exd5 7. Bxa6 Qc8 8.
Be2 Bd6 9. O-O c6 10. Ne5 O-O 11. Nxg4 1-0

[Event "Challenge"]
[Site "http://www.queenalice.com/game.php?id=471792"]
[Date "2008.10.2"]
[Round "-"]
[White "Elgringo"]
[Black "Gojira"]
[Result "0-1"]
[WhiteElo "1565"]
[BlackElo "2157"]

1. e4 b6 2. d4 e6 3. c4 Bb7 4. d5 Na6 5. a3 Bd6 6. Nf3 exd5 7. cxd5 Qf6 8. Be2
Ne7 9. Nc3 Bf4 10. O-O O-O 11. Bd3 Ng6 12. Qc2 Kh8 13. Be3 Rfe8 14. Rad1 c5 15.
Rfe1 Nc7 16. Ne2 Bxe3 17. fxe3 d6 18. Ng3 Bc8 19. h3 Ne5 20. Nxe5 Rxe5 21. Rf1
Qg6 22. Rf3 Bd7 23. Rdf1 f6 24. Nf5 Bxf5 25. exf5 Qh6 26. e4 b5 27. b3 a5 28.
Rg3 Rg8 29. Rf4 Qxf4 30. Rf3 Qh6 31. b4 axb4 32. axb4 c4 33. Bf1 g6 34. g4 gxf5
35. exf5 Nxd5 36. Qg2 Ne3 37. Qd2 Nxg4 38. Qxd6 Ne3+ 39. Kf2 Qh4+ 40. Ke2 Nxf5+
41. Qxe5 fxe5 42. Rxf5 Qe4+ 43. Kd2 Qxf5 0-1

[Event "Let's Play Chess!"]
[Site "http://www.queenalice.com/game.php?id=475693"]
[Date "2008.10.11"]
[Round "-"]
[White "Elgringo"]
[Black "brooknewton"]
[Result "1-0"]
[WhiteElo "1565"]
[BlackElo "1546"]

1. e4 e5 2. Nf3 f6 3. d4 d5 4. Nbd2 c5 5. c3 b5 6. Bxb5+ Bd7 7. Bxd7+ Qxd7 8.
dxe5 d4 9. O-O fxe5 10. Nxe5 Qe6 11. Nec4 Nc6 12. Re1 O-O-O 13. Nf3 Nf6 14. Ng5
Qxc4 15. e5 h6 16. exf6 hxg5 17. Qg4+ Kc7 18. Qxg5 Qf7 19. Bf4+ Bd6 20. Bxd6+
Rxd6 21. fxg7 Rg8 22. g3 Qxg7 23. Qxc5 Qg5 24. Qc4 d3 25. b4 Kd7 26. b5 Na5 27.
Qf7+ Kc8 28. Qxa7 Nc4 29. Re7 Qxe7 30. Qxe7 Rd7 31. Qe6 Rh8 32. b6 d2 33. b7+
Kc7 34. Qxc4+ Kb8 35. Rd1 Re8 36. Qf4+ Kxb7 37. Rxd2 Re1+ 38. Kg2 Rc7 39. Rd6
Re8 40. Qb4+ Kc8 41. Qa4 Rd8 42. Qa8# 1-0

[Event "Let's Play Chess!"]
[Site "http://www.queenalice.com/game.php?id=475825"]
[Date "2008.10.11"]
[Round "-"]
[White "DrIgO"]
[Black "Elgringo"]
[Result "0-1"]
[WhiteElo "1338"]
[BlackElo "1584"]

1. d4 f5 2. d5 e5 3. b3 d6 4. Bb2 g5 5. Na3 Nf6 6. Qd3 e4 7. Qd4 Bg7 8. Qa4+ Bd7
9. Qb4 b6 10. O-O-O Ng4 11. Bxg7 c5 12. dxc6 Nxc6 13. Qc3 Rg8 14. f3 Nf2 15. Bf6
Ne7 16. Rxd6 Rc8 17. Qd4 Nxh1 18. fxe4 Qc7 19. Nb5 Qxc2# 0-1

[Event "Let's Play Chess!"]
[Site "http://www.queenalice.com/game.php?id=475826"]
[Date "2008.10.11"]
[Round "-"]
[White "spawnwolfwolverine"]
[Black "Elgringo"]
[Result "0-1"]
[WhiteElo "1643"]
[BlackElo "1592"]

1. c4 e5 2. d3 Bc5 3. e4 Nc6 4. Nc3 b6 5. Bd2 Nf6 6. Nf3 Ng4 7. Be2 Nxf2 8. Kf1
Nxd1 9. Rxd1 d6 10. a3 Bg4 11. b4 Bd4 12. Nxd4 Qd7 13. Bxg4 Qxg4 14. Nxc6 a5 15.
b5 Rf8 16. h3 Qg3 17. Nd5 Qxd3+ 18. Ke1 Qxe4+ 19. Ne3 f5 20. Kf1 f4 21. Ng4
Qxc4+ 22. Kg1 Qd5 23. a4 f3 24. Nf2 fxg2 25. Rh2 Qf3 26. Rxg2 g6 27. Bh6 Rf5 28.
Bd2 Kf8 29. Bh6+ Kf7 30. Rf1 Re8 31. Rg5 Rxg5+ 32. Bxg5 Qg3+ 33. Kh1 Kg7 34. Be7
h5 35. Bxd6 cxd6 36. h4 Rf8 37. Ne7 Rxf2 38. Rxf2 Qxf2 39. Nf5+ Qxf5 40. Kg2 e4
41. Kg3 Qf3+ 42. Kh2 e3 43. Kg1 e2 44. Kh2 e1=N 45. Kg1 Qg2# 0-1

[Event "Challenge"]
[Site "http://www.queenalice.com/game.php?id=480075"]
[Date "2008.10.20"]
[Round "-"]
[White "Gojira"]
[Black "Elgringo"]
[Result "1-0"]
[WhiteElo "2150"]
[BlackElo "1592"]

1. c4 e5 2. g3 Bc5 3. Bg2 d6 4. e3 Nc6 5. Ne2 Nge7 6. Nbc3 Be6 7. b3 d5 8. cxd5
Bxd5 9. Nxd5 Nxd5 10. O-O O-O 11. Bb2 Qd6 12. Nc3 Nxc3 13. dxc3 Rae8 14. b4 Bb6
15. a4 a5 16. b5 Nd8 17. Qc2 g6 18. Rfd1 Qe7 19. Rd5 Bc5 20. c4 f6 21. Rad1 Nf7
22. Rd7 Qe6 23. Rxc7 Bd6 24. Bd5 Bxc7 25. Bxe6 Rxe6 26. Rd7 Rc8 27. c5 Kg7 28.
Qb3 Rce8 29. Rxc7 Kf8 30. Ba3 Kg8 31. Rxb7 Nd8 32. Rb8 f5 33. Rxd8 Rxd8 34.
Qxe6+ Kg7 35. Qe7+ Kh6 36. Qxd8 e4 37. c6 g5 38. Qg8 Kh5 39. h3 h6 40. Qf7# 1-0

[Event "Let's Play Chess!"]
[Site "http://www.queenalice.com/game.php?id=482231"]
[Date "2008.10.24"]
[Round "-"]
[White "Elgringo"]
[Black "SRIVERO"]
[Result "1-0"]
[WhiteElo "1592"]
[BlackElo "1573"]

1. Nf3 d5 2. e3 c5 3. c4 e6 4. d3 Nf6 5. b3 Bd7 6. Bb2 Be7 7. Nc3 a6 8. d4 O-O
9. Bd3 Re8 10. Qc2 dxc4 11. bxc4 Bc6 12. O-O-O Bxf3 13. gxf3 cxd4 14. exd4 Qxd4
15. Rhg1 Qf4+ 16. Qd2 Qxf3 17. Qh6 Ng4 18. Qxh7+ 1-0

[Event "Let's Play Chess!"]
[Site "http://www.queenalice.com/game.php?id=482232"]
[Date "2008.10.24"]
[Round "-"]
[White "SRIVERO"]
[Black "Elgringo"]
[Result "1-0"]
[WhiteElo "1555"]
[BlackElo "1611"]

1. d4 d6 2. e4 b6 3. Nf3 a5 4. c4 Bb7 5. d5 e5 6. Be2 f6 7. Bd2 Ne7 8. b4 g5 9.
bxa5 bxa5 10. Qa4+ Kf7 11. h4 g4 12. Nh2 c5 13. Nxg4 h5 14. Ne3 Bc8 15. Nc3 Bd7
16. Nb5 Ke8 17. Nxd6# 1-0

[Event "Let's Play Chess!"]
[Site "http://www.queenalice.com/game.php?id=482233"]
[Date "2008.10.24"]
[Round "-"]
[White "Elgringo"]
[Black "jolomol"]
[Result "0-1"]
[WhiteElo "1606"]
[BlackElo "1904"]

1. e4 e5 2. d4 exd4 3. Qxd4 Nc6 4. Qd1 Nf6 5. Bg5 Be7 6. Bc4 O-O 7. Nd2 d6 8.
Nh3 Re8 9. c3 Ne5 10. Qb3 Nxc4 11. Nxc4 Nxe4 12. Be3 Rb8 13. Nf4 Bg5 14. O-O
Bxf4 15. Bxf4 Be6 16. Rad1 b5 17. Qc2 Bxc4 18. Rfe1 Nf6 19. b3 Be6 20. Re3 Nd5
21. Rg3 Nxf4 0-1

[Event "Challenge"]
[Site "http://www.queenalice.com/game.php?id=482600"]
[Date "2008.10.25"]
[Round "-"]
[White "Elgringo"]
[Black "Gojira"]
[Result "0-1"]
[WhiteElo "1608"]
[BlackElo "2151"]

1. Nf3 Nf6 2. d4 e6 3. Bg5 c5 4. e3 b6 5. Nc3 h6 6. Bh4 Bb7 7. Qd2 Be7 8. Bd3
O-O 9. O-O-O a5 10. Qe2 d5 11. a3 c4 12. Rhe1 cxd3 13. cxd3 Nbd7 14. Kb1 Ba6 15.
h3 Rc8 16. Qd2 b5 17. Ne2 b4 18. a4 b3 19. e4 dxe4 20. Nfg1 Bxd3+ 21. Ka1 Rc2
22. Qe3 Nd5 23. Qg3 Bxh4 0-1

[Event "Let's Play Chess!"]
[Site "http://www.queenalice.com/game.php?id=482778"]
[Date "2008.10.25"]
[Round "-"]
[White "Elgringo"]
[Black "spawnwolfwolverine"]
[Result "1/2-1/2"]
[WhiteElo "1606"]
[BlackElo "1617"]

1. d4 d5 2. Bf4 e6 3. Nc3 Bb4 4. a3 Bxc3+ 5. bxc3 Nf6 6. Bg5 O-O 7. Qd3 h6 8.
Bh4 g5 9. Bg3 Ne4 10. Nf3 Nxg3 11. hxg3 Qf6 12. Ne5 Nc6 13. f3 Nxe5 14. dxe5 Qg6
15. O-O-O Qxd3 16. exd3 Kg7 17. f4 b6 18. d4 a5 19. Bd3 gxf4 20. g4 Ba6 21. g5
Bxd3 22. Rxd3 hxg5 23. g3 c5 24. gxf4 Rh8 25. Rg1 f5 26. Rxg5+ Kf7 27. Rdg3 Rhg8
28. Rh3 Rxg5 29. fxg5 Rg8 30. Rh7+ Rg7 31. g6+ Kxg6 32. Rxg7+ Kxg7 33. Kd2 cxd4
34. cxd4 b5 35. Ke3 Kg6 36. Kf4 b4 37. a4 Kh6 38. Kf3 Kg5 1/2-1/2

[Event "Let's Play Chess!"]
[Site "http://www.queenalice.com/game.php?id=483435"]
[Date "2008.10.27"]
[Round "-"]
[White "Elgringo"]
[Black "spawnwolfwolverine"]
[Result "1/2-1/2"]
[WhiteElo "1602"]
[BlackElo "1635"]

1. e4 e5 2. d4 exd4 3. c3 dxc3 4. Bc4 cxb2 5. Bxb2 d6 6. Nf3 Bg4 7. O-O Be7 8.
Bxg7 Bf6 9. Bxh8 Bxh8 10. Qd5 Be6 11. Qxb7 Bxc4 12. Rc1 Bxa1 13. Rxc4 Nd7 14.
Nbd2 Qb8 15. Qc6 Ne7 16. Qa4 Be5 17. g3 a5 18. Ng5 h5 19. Rc1 f6 20. Ne6 c5 21.
Qd1 Kf7 22. Rb1 Qh8 23. h4 Kxe6 24. Qb3+ d5 25. exd5+ Nxd5 26. Re1 Rb8 27. Qc4
Qg7 28. Nb3 Rxb3 29. Qxb3 f5 30. Qa4 f4 31. Qc6+ Ke7 32. Qxd5 fxg3 33. f4 g2 34.
fxe5 Qg3 35. Qd6+ Kd8 36. Rd1 Qe3+ 37. Kxg2 Qe4+ 38. Kh2 Qxh4+ 39. Kg1 Qg4+ 40.
Kf2 Qf5+ 41. Ke3 Qh3+ 42. Ke4 Qg4+ 43. Ke3 Qg3+ 44. Kd2 Qf4+ 45. Kc3 Qb4+ 46.
Kc2 Qa4+ 47. Kb1 Qb4+ 48. Kc1 1/2-1/2